[Event "HUN-chT2 Charousek 1314"]
[Site "Hungary"]
[Date "2014.04.27"]
[Round "11"]
[White "Antok, Daniel"]
[Black "Horvath, Tamas4444"]
[Result "1/2-1/2"]
[WhiteElo "2222"]
[BlackElo "2204"]
[PlyCount "45"]
[EventDate "2013.09.08"]
[EventType "team-tourn"]
[EventRounds "11"]
[EventCountry "HUN"]
[SourceTitle "EXT 2016"]
[Source "ChessBase"]
[SourceDate "2015.10.08"]
[SourceVersion "1"]
[SourceVersionDate "2015.10.08"]
[SourceQuality "1"]
[WhiteTeam "Budapest EAC"]
[BlackTeam "Gyor Elektromos"]
[WhiteTeamCountry "HUN"]
[BlackTeamCountry "HUN"]

1. e4 c6 2. d4 d5 3. Nc3 dxe4 4. Nxe4 Bf5 5. Ng3 Bg6 6. Nf3 e6 7. h4 h6 8. h5 Bh7 9. Bd3 Bxd3 10. Qxd3 Nd7 11. Bd2 Qc7 12. 0-0-0 Ngf6 13. Ne4 0-0-0 14. c4 Nc5 15. Nxc5 Bxc5 16. Bc3 Rhe8 17. Rh4 Bf8 18. Qe2 c5 19. Ne5 Bd6 20. Kc2 Re7 21. Rh3 cxd4 22. Rxd4 Nd7 23. Nxd7 1/2-1/2

[Event "HUN-chT2 Charousek 1011"]
[Site "Hungary"]
[Date "2011.05.15"]
[Round "11"]
[White "Feher, Tamas"]
[Black "Antok, Daniel"]
[Result "1/2-1/2"]
[WhiteElo "2177"]
[BlackElo "2250"]
[PlyCount "62"]
[EventDate "2010.09.12"]
[EventType "team-tourn"]
[EventRounds "11"]
[EventCountry "HUN"]
[SourceTitle "EXT 2012"]
[Source "ChessBase"]
[SourceDate "2011.11.24"]
[SourceVersion "1"]
[SourceVersionDate "2011.11.24"]
[SourceQuality "1"]
[WhiteTeam "Husi"]
[BlackTeam "BEAC"]
[WhiteTeamCountry "HUN"]
[BlackTeamCountry "HUN"]

1. e4 c5 2. Nf3 d6 3. d4 cxd4 4. Nxd4 Nf6 5. Nc3 a6 6. h3 e5 7. Nde2 Be6 8. g4 Be7 9. Bg2 0-0 10. 0-0 b5 11. Be3 Nbd7 12. Ng3 Nb6 13. b3 Rc8 14. Qd2 Qc7 15. Nd5 Bxd5 16. exd5 Rfe8 17. Nf5 Bf8 18. c4 bxc4 19. Rfc1 c3 20. Bxb6 cxd2 21. Rxc7 Rxc7 22. Bxc7 Rc8 23. Rd1 Rxc7 24. Rxd2 Rc1+ 25. Kh2 g6 26. Ne3 Bh6 27. Kg3 Nd7 28. Kf3 f5 29. gxf5 gxf5 30. Ke2 Bxe3 31. Kxe3 Kf7 1/2-1/2

[Event "Budapest-chT1 Lilienthal 1011"]
[Site "Budapest"]
[Date "2010.11.28"]
[Round "5"]
[White "Antok, Daniel"]
[Black "Tornai, Imre"]
[Result "1/2-1/2"]
[WhiteElo "2250"]
[BlackElo "2175"]
[PlyCount "131"]
[EventDate "2010.09.19"]
[EventType "team-tourn"]
[EventRounds "11"]
[EventCountry "HUN"]
[SourceTitle "EXT 2020"]
[Source "ChessBase"]
[SourceDate "2019.10.17"]
[SourceVersion "1"]
[SourceVersionDate "2019.10.17"]
[SourceQuality "1"]
[WhiteTeam "Barcza GSC"]
[BlackTeam "Budapest Ujpest KSE"]
[WhiteTeamCountry "HUN"]
[BlackTeamCountry "HUN"]

1. e4 c6 2. d4 d5 3. Nc3 dxe4 4. Nxe4 Bf5 5. Ng3 Bg6 6. h4 h6 7. Nf3 Nd7 8. h5 Bh7 9. Bd3 Bxd3 10. Qxd3 e6 11. Bd2 Ngf6 12. 0-0-0 Qc7 13. Qe2 Be7 14. Ne5 Nxe5 15. dxe5 Nd7 16. f4 0-0-0 17. Be3 Qa5 18. Kb1 Nb6 19. Ne4 Qb4 20. Bd2 Qc4 21. Qxc4 Nxc4 22. Bc1 Rd5 23. b3 Na3+ 24. Bxa3 Bxa3 25. c4 Rxd1+ 26. Rxd1 Rd8 27. Rxd8+ Kxd8 28. Kc2 b6 29. g4 Bf8 30. Kd3 Bc5 31. Nd2 Be7 32. Ke4 Kd7 33. Nf3 Bf8 34. Ne1 Be7 35. Nd3 Bf8 36. Kf3 g6 37. Nf2 gxh5 38. gxh5 Bg7 39. Ng4 Bf8 40. Ke4 Bg7 41. f5 Kd8 42. Ne3 Bf8 43. Nc2 a5 44. Nd4 Kd7 45. Ne2 Ba3 46. Nc3 Bb4 47. Na4 Kc7 48. Nb2 Kd7 49. Nd3 Bd2 50. Nf2 Bb4 51. Ng4 Bd2 52. a4 exf5+ 53. Kxf5 Ke7 54. Nf6 Be3 55. Ne4 Bd4 56. Ng3 Bf2 57. Ne2 Be3 58. Ke4 Bf2 59. Nf4 Bc5 60. Kf5 Be3 61. Nd3 Bc5 62. Ne1 Be3 63. Nf3 Bf2 64. Nd2 Be3 65. Ne4 Bd4 66. Nf6 1/2-1/2

[Event "Budapest-chT1 Lilienthal 1011"]
[Site "Budapest"]
[Date "2010.10.03"]
[Round "2"]
[White "Antok, Daniel"]
[Black "Fordan, Tibor"]
[Result "1/2-1/2"]
[WhiteElo "2250"]
[BlackElo "2211"]
[PlyCount "28"]
[EventDate "2010.09.19"]
[EventType "team-tourn"]
[EventRounds "11"]
[EventCountry "HUN"]
[SourceTitle "EXT 2020"]
[Source "ChessBase"]
[SourceDate "2019.10.17"]
[SourceVersion "1"]
[SourceVersionDate "2019.10.17"]
[SourceQuality "1"]
[WhiteTeam "Barcza GSC"]
[BlackTeam "Budapest EAC III"]
[WhiteTeamCountry "HUN"]
[BlackTeamCountry "HUN"]

1. e4 e5 2. Nf3 Nc6 3. Bb5 a6 4. Ba4 Nf6 5. 0-0 Nxe4 6. d4 b5 7. Bb3 d5 8. dxe5 Be6 9. Nbd2 Nc5 10. c3 Be7 11. Bc2 Bg4 12. Re1 Qd7 13. Nf1 Rd8 14. Ne3 Bh5 1/2-1/2

[Event "HUN-chT 0809"]
[Site "Hungary"]
[Date "2009.03.08"]
[Round "9"]
[White "Antok, Daniel"]
[Black "Pergel, Laszlo"]
[Result "1/2-1/2"]
[WhiteElo "2273"]
[BlackElo "2293"]
[PlyCount "20"]
[EventDate "2008.10.26"]
[EventType "team-tourn"]
[EventRounds "11"]
[EventCountry "HUN"]
[SourceTitle "EXT 2010"]
[Source "ChessBase"]
[SourceDate "2010.11.25"]
[SourceVersion "1"]
[SourceVersionDate "2010.11.25"]
[SourceQuality "1"]
[WhiteTeam "BEAC"]
[BlackTeam "Haladas"]
[WhiteTeamCountry "HUN"]
[BlackTeamCountry "HUN"]

1. e4 c5 2. Nf3 Nc6 3. d4 cxd4 4. Nxd4 Nf6 5. Nc3 d6 6. Bc4 e6 7. Bb3 Be7 8. Be3 0-0 9. f4 a6 10. Qf3 Nxd4 1/2-1/2

[Event "HUN-chT 0809"]
[Site "Hungary"]
[Date "2008.11.30"]
[Round "3"]
[White "Horvath, Gyula"]
[Black "Antok, Daniel"]
[Result "1-0"]
[WhiteElo "2370"]
[BlackElo "2273"]
[PlyCount "77"]
[EventDate "2008.10.26"]
[EventType "team-tourn"]
[EventRounds "11"]
[EventCountry "HUN"]
[SourceTitle "EXT 2010"]
[Source "ChessBase"]
[SourceDate "2010.11.25"]
[SourceVersion "1"]
[SourceVersionDate "2010.11.25"]
[SourceQuality "1"]
[WhiteTeam "Csuti"]
[BlackTeam "BEAC"]
[WhiteTeamCountry "HUN"]
[BlackTeamCountry "HUN"]

1. c4 c6 2. e4 d5 3. exd5 cxd5 4. d4 Nf6 5. Nc3 Nc6 6. Bg5 dxc4 7. d5 Na5 8. Bxc4 Nxc4 9. Qa4+ Bd7 10. Qxc4 g6 11. Nf3 Bg7 12. 0-0 0-0 13. Rfe1 h6 14. Bh4 b5 15. Nxb5 Bxb5 16. Qxb5 Qxd5 17. Qa6 e6 18. Rad1 Qc5 19. Ne5 Qb6 20. Qxb6 axb6 21. Bxf6 Bxf6 22. Nd7 Bxb2 23. Nxf8 Kxf8 24. Re2 Bf6 25. Rd7 Rc8 26. g3 Be7 27. Rb7 Bc5 28. Rd2 Kg8 29. Rdd7 Rf8 30. a4 h5 31. Kf1 Kg7 32. f4 Kf6 33. Ke2 Kg7 34. h3 Kf6 35. Kf3 Kg7 36. Rdc7 Bd4 37. Rd7 Bc5 38. Rbc7 Bb4 39. Rc6 1-0

[Event "HUN-chT 0607"]
[Site "Hungary"]
[Date "2007.03.25"]
[Round "7"]
[White "Balog, Imre1111"]
[Black "Antok, Daniel"]
[Result "1-0"]
[WhiteElo "2330"]
[BlackElo "2236"]
[PlyCount "159"]
[EventDate "2006.11.12"]
[EventType "team"]
[EventRounds "11"]
[EventCountry "HUN"]
[SourceTitle "EXT 2008"]
[Source "ChessBase"]
[SourceDate "2007.11.25"]
[SourceVersion "1"]
[SourceVersionDate "2007.11.25"]
[SourceQuality "1"]
[WhiteTeam "Mako"]
[BlackTeam "BEAC"]
[WhiteTeamCountry "HUN"]
[BlackTeamCountry "HUN"]

1. d4 d5 2. Nf3 Nc6 3. g3 Bg4 4. Bg2 e6 5. 0-0 Bd6 6. c4 Nf6 7. Nc3 0-0 8. b3 Bb4 9. Bb2 dxc4 10. bxc4 Bxf3 11. Bxf3 Qxd4 12. Qb3 Bxc3 13. Bxc3 Qb6 14. Rab1 Nd4 15. Bxd4 Qxd4 16. e3 Qc5 17. Bxb7 Rad8 18. Qa4 Rd2 19. Rb5 Qd6 20. Qxa7 Rc2 21. a4 Rxc4 22. a5 c6 23. Rbb1 Ne4 24. Rfc1 Qd2 25. Rf1 Nc3 26. Rbe1 Rd8 27. Qb6 Ne4 28. Re2 Qd5 29. f3 Nc3 30. Ref2 Na4 31. e4 Nxb6 32. exd5 Nxd5 33. Ra1 Nc7 34. a6 g6 35. a7 Kg7 36. a8Q Nxa8 37. Rxa8 Rd7 38. Rb2 Rc7 39. Rc8 Rxc8 40. Bxc8 Rc3 41. Kf2 h5 42. Rb7 Kf8 43. Rc7 Rc2+ 44. Kg1 c5 45. Ba6 Kg7 46. Bd3 Rc3 47. Be2 Kf6 48. Kf2 Kg7 49. Ke1 Rc1+ 50. Bd1 h4 51. Kd2 hxg3 52. hxg3 Rc4 53. Bb3 Rd4+ 54. Ke2 Kf6 55. Rxc5 Rb4 56. Bc2 g5 57. g4 Rb7 58. Be4 Ra7 59. Kd3 Ra3+ 60. Kc4 Ra4+ 61. Kb5 Rd4 62. Kb6 Rd1 63. Rc7 Rh1 64. Kb7 Rh8 65. Rc5 Rd8 66. Ra5 Rd2 67. Bc6 Rb2+ 68. Kc7 Rd2 69. Kc8 Rc2 70. Kd7 Rd2+ 71. Ke8 Rc2 72. Bb7 Rc7 73. Rb5 Rc1 74. Kf8 Rc7 75. Rb4 Rd7 76. Bc6 Rc7 77. Be8 Rc3 78. Bxf7 Rc8+ 79. Be8 Rc3 80. Rb7 1-0

[Event "HUN-chT 0607"]
[Site "Hungary"]
[Date "2006.12.17"]
[Round "4"]
[White "Lorincz, Istvan"]
[Black "Antok, Daniel"]
[Result "1/2-1/2"]
[WhiteElo "2315"]
[BlackElo "2236"]
[PlyCount "47"]
[EventDate "2006.11.12"]
[EventType "team"]
[EventRounds "11"]
[EventCountry "HUN"]
[SourceTitle "EXT 2008"]
[Source "ChessBase"]
[SourceDate "2007.11.25"]
[SourceVersion "1"]
[SourceVersionDate "2007.11.25"]
[SourceQuality "1"]
[WhiteTeam "Statisztika"]
[BlackTeam "BEAC"]
[WhiteTeamCountry "HUN"]
[BlackTeamCountry "HUN"]

1. d4 d5 2. c4 c6 3. e3 Nf6 4. Nc3 e6 5. Nf3 Nbd7 6. Ne5 Nxe5 7. dxe5 Nd7 8. f4 Be7 9. cxd5 cxd5 10. Bd3 Nc5 11. Bc2 b6 12. 0-0 Bb7 13. b4 Nd7 14. Rb1 Rc8 15. Ne2 Ba6 16. b5 Bb7 17. Nd4 Bc5 18. f5 Nxe5 19. fxe6 f6 20. Qh5+ g6 21. Qh6 Qe7 22. Bb3 Kd8 23. h3 Rc7 24. Bb2 1/2-1/2

[Event "HUN-chT2 Erkel 0506"]
[Site "Hungary"]
[Date "2006.04.23"]
[Round "11"]
[White "Bakos, Balazs"]
[Black "Antok, Daniel"]
[Result "0-1"]
[WhiteElo "2234"]
[BlackElo "2219"]
[PlyCount "88"]
[EventDate "2005.10.16"]
[EventType "team"]
[EventRounds "11"]
[EventCountry "HUN"]
[SourceTitle "EXT 2009"]
[Source "ChessBase"]
[SourceDate "2008.11.26"]
[SourceVersion "1"]
[SourceVersionDate "2008.11.26"]
[SourceQuality "1"]
[WhiteTeam "Fuzesabony"]
[BlackTeam "BEAC Rufusz II"]
[WhiteTeamCountry "HUN"]
[BlackTeamCountry "HUN"]

1. d4 d5 2. c4 c6 3. Nf3 Nf6 4. Nc3 e6 5. cxd5 exd5 6. Bg5 Be7 7. Qc2 Nbd7 8. e3 0-0 9. Bd3 Re8 10. 0-0 Nf8 11. Rab1 a5 12. a3 Ne4 13. Bxe7 Qxe7 14. Bxe4 dxe4 15. Nd2 f5 16. b4 Be6 17. Na4 axb4 18. axb4 b5 19. Nc5 Ra2 20. Rb2 Rea8 21. Ndb3 Rxb2 22. Qxb2 Bd5 23. Ra1 Rxa1+ 24. Nxa1 Qa7 25. Nab3 Nd7 26. Na5 Nb6 27. Qc3 Nc4 28. Ncb7 Nxa5 29. Nxa5 Qd7 30. Qc5 h6 31. Qb6 Qd6 32. g3 Qxb4 33. Nxc6 Qd6 34. Qxb5 Qxc6 35. Qb8+ Kh7 36. Kg2 Bc4 37. Qf4 Qg6 38. h3 Be2 39. d5 Qh5 40. d6 Qf3+ 41. Qxf3 exf3+ 42. Kh2 Bb5 43. g4 fxg4 44. hxg4 Kg6 0-1

[Event "HUN-chT2 Charousek 0506"]
[Site "Hungary"]
[Date "2005.12.04"]
[Round "5"]
[White "Marodi, Matyas"]
[Black "Antok, Daniel"]
[Result "1/2-1/2"]
[WhiteElo "2188"]
[BlackElo "2219"]
[PlyCount "58"]
[EventDate "2005.10.16"]
[EventType "team"]
[EventRounds "11"]
[EventCountry "HUN"]
[SourceTitle "EXT 2009"]
[Source "ChessBase"]
[SourceDate "2008.11.26"]
[SourceVersion "1"]
[SourceVersionDate "2008.11.26"]
[SourceQuality "1"]
[WhiteTeam "Decs"]
[BlackTeam "BEAC"]
[WhiteTeamCountry "HUN"]
[BlackTeamCountry "HUN"]

1. d4 d6 2. c4 e5 3. d5 f5 4. Nc3 Nf6 5. g3 g6 6. Bg2 Bg7 7. Nf3 0-0 8. 0-0 a5 9. Ne1 Na6 10. a3 Nc5 11. Be3 Ng4 12. Bxc5 dxc5 13. Nd3 Qd6 14. Qc2 Bd7 15. h3 Nf6 16. a4 b6 17. Nb5 Bxb5 18. axb5 Rae8 19. e3 Kh8 20. Rae1 Nh5 21. Bh1 e4 22. Nf4 Nxf4 23. exf4 Bd4 24. Kh2 Qf6 25. b3 Re7 26. Re2 Rfe8 27. Rfe1 Bc3 28. Rc1 Bb4 29. Re3 Ba3 1/2-1/2

[Event "HUN-chT2 Charousek 0506"]
[Site "Hungary"]
[Date "2005.11.27"]
[Round "4"]
[White "Pinterne, Kovacs Marta"]
[Black "Antok, Daniel"]
[Result "0-1"]
[WhiteElo "2181"]
[BlackElo "2219"]
[PlyCount "88"]
[EventDate "2005.10.16"]
[EventType "team"]
[EventRounds "11"]
[EventCountry "HUN"]
[SourceTitle "EXT 2009"]
[Source "ChessBase"]
[SourceDate "2008.11.26"]
[SourceVersion "1"]
[SourceVersionDate "2008.11.26"]
[SourceQuality "1"]
[WhiteTeam "Keszthely"]
[BlackTeam "BEAC"]
[WhiteTeamCountry "HUN"]
[BlackTeamCountry "HUN"]

1. Nf3 g6 2. h4 Nf6 3. b3 Bg7 4. Bb2 d6 5. d4 Bg4 6. Nbd2 c6 7. e4 Nbd7 8. Be2 Qc7 9. c4 e5 10. Qc2 exd4 11. Nxd4 Bxe2 12. Nxe2 a5 13. a3 h5 14. Bd4 0-0 15. 0-0 Ng4 16. Bxg7 Kxg7 17. Qc3+ Kg8 18. g3 Rfe8 19. Kg2 Qd8 20. f3 Ngf6 21. Nf4 Ne5 22. Rad1 Qe7 23. Nb1 Red8 24. Rd2 Nfd7 25. Rfd1 Nc5 26. b4 axb4 27. axb4 Ne6 28. Nxe6 Qxe6 29. c5 Ra2 30. Rxa2 Qxa2+ 31. Qd2 Qb3 32. Nc3 Qxb4 33. Rb1 Qxc5 34. Rxb7 Ra8 35. Ne2 Ra3 36. Qh6 Ra8 37. Qd2 Qc4 38. Nc3 Nxf3 39. Kxf3 Ra3 40. Rb8+ Kh7 41. Rb2 Rxc3+ 42. Kf2 Rc1 43. Qe2 Qd4+ 44. Kf3 Qg1 0-1